Význam a iniciatívy v oblasti „corporate reporting“ diplomová práca

Gespeichert in:
Bibliographische Detailangaben
1. Verfasser: Pekarovičová, Lucia
Körperschaft: Fakulta hospodárskej informatiky EU. Katedra účtovníctva a audítorstva
Weitere Verfasser: Mokošová, Daša, 1979-
Format: Buch
Sprache:Slowakisch
Veröffentlicht: Bratislava 2020
Tags: Tag hinzufügen
Keine Tags, Fügen Sie das erste Tag hinzu!

MARC

LEADER 00000nbm a2200000 4500
001 0266656
005 20210501141435.0
041 0 |a slo 
044 |a SK 
245 1 0 |a Význam a iniciatívy v oblasti „corporate reporting“  |b diplomová práca  |c Lucia Pekarovičová ; školiteľ: Daša Mokošová 
264 1 |a Bratislava  |c 2020 
300 |a 77 s. 
100 1 |a Pekarovičová, Lucia 
700 1 |a Mokošová, Daša, 1979- 
710 2 |a Fakulta hospodárskej informatiky EU. Katedra účtovníctva a audítorstva